[Event "Match"]
[Site "www.echecsemail.com"]
[Date "2016.03.08"]
[Round "1"]
[White "Darknight"]
[Black "Pinehill"]
[WhiteElo "1630"]
[BlackElo "2050"]
[Result "1-0"]
[Round "1"]
1.e4 d5
2.exd5 Ng8f6
3.Bf1c4 g6
4.h3 Bf8g7
5.Qd1f3 O-O
6.d3 Nb8d7
7.a3 Nd7b6
8.Bc4a2 Nb6xd5
9.c4 Nd5b6
10.Ba2b3 c6
11.c5 Nb6d5
12.g3 e5
13.Bc1g5 Qd8a5
14.Nb1d2 Bc8d7
15.Bb3c4 Qa5xc5
16.Ra1c1 Rf8e8
17.Ng1e2 e4
18.dxe4 h6
19.Bg5e3 Nd5xe3
20.Bc4xf7 Kxf7
21.Rc1xc5 { resign }
1-0

[Event "Match"]
[Site "www.echecsemail.com"]
[Date "2016.03.08"]
[Round "1"]
[White "Elogic"]
[Black "Chapi"]
[WhiteElo "1900"]
[BlackElo "2080"]
[Result "0-1"]
[Round "1"]
1.c4 g6
2.Ng1f3 Bf8g7
3.e3 c5
4.d4 cxd4
5.Nf3xd4 Nb8c6
6.Nd4xc6 bxc6
7.Bf1d3 Ng8f6
8.Nb1c3 O-O
9.Bc1d2 Bc8a6
10.b4 Nf6d5
11.Qd1c2 Nd5xb4
12.Qc2a4 Nb4xd3
13.Ke2 Nd3c5
14.Qa4b4 Qd8b6
15.Qb4a3 Ba6xc4
16.Kd1 Nc5d3
17.Qa3xe7 Nd3xf2
{ resign }
0-1

[Event "Match"]
[Site "www.echecsemail.com"]
[Date "2016.03.08"]
[Round "1"]
[White "Micheles"]
[Black "Elogic"]
[WhiteElo "2480"]
[BlackElo "2240"]
[Result "1-0"]
[Round "1"]
1.d4 d5
2.Ng1f3 Bc8g4
3.Nf3e5 Qd8c8
4.c4 dxc4
5.Nb1d2 b5
6.a4 c6
7.Ne5xg4 Qc8xg4
8.Nd2f3 f6
9.g3 b4
10.Qd1c2 e6
11.Bf1g2 a5
12.Qc2xc4 g5
13.h3 Qg4f5
14.Nf3d2 Ng8e7
15.Bg2e4 { resign }
1-0

[Event "Match"]
[Site "www.echecsemail.com"]
[Date "2016.03.08"]
[Round "1"]
[White "Elogic"]
[Black "Marbachess"]
[WhiteElo "1870"]
[BlackElo "2339"]
[Result "0-1"]
[Round "1"]
1.d4 f5
2.g3 Ng8f6
3.Bf1g2 g6
4.b3 Bf8g7
5.c4 d6
6.e3 e5
7.dxe5 Nb8d7
8.e6 Nf6e4
9.exd7 Bc8xd7
10.Qd1d3 Bd7c6
11.f3 Ne4c5
12.Qd3d2 Bg7xa1
13.Bc1b2 Ba1xb2
14.Qd2xb2 Nc5d3
{ resign }
0-1

[Event "Match"]
[Site "www.echecsemail.com"]
[Date "2016.03.08"]
[Round "1"]
[White "Paaliaq"]
[Black "Pare123"]
[WhiteElo "1809"]
[BlackElo "1920"]
[Result "1-0"]
[Round "1"]
1.e4 e6
2.d4 d5
3.Nb1c3 dxe4
4.Nc3xe4 Nb8c6
5.Ng1f3 Bf8e7
6.c3 Ng8f6
7.Bf1d3 O-O
8.O-O a6
9.Ne4xf6 Be7xf6
10.Qd1c2 g6
11.Rf1e1 Nc6e7
12.Bc1h6 Rf8e8
13.Nf3e5 Ne7f5
14.Bh6f4 Nf5g7
15.Ne5g4 Ng7h5
16.Ng4xf6 Qd8xf6
17.Bf4xc7 Bc8d7
18.Bc7e5 Qf6e7
19.h3 f6
20.Be5h2 Qe7f7
21.Bd3e4 Bd7c6
22.Be4xc6 bxc6
23.g4 Nh5g7
24.Qc2e4 Ra8c8
25.Ra1d1 Qf7b7
26.b3 f5
27.Qe4e2 fxg4
28.hxg4 a5
29.Bh2e5 Re8e7
30.Rd1d3 Ng7e8
31.Rd3f3 Ne8c7
32.Rf3h3 Nc7d5
33.c4 Nd5b4
34.a3 Nb4a6
35.Qe2e3 Na6c7
36.Qe3g5 Rc8e8
37.Qg5f6 { resign }
1-0

[Event "1/8 Finale"]
[Site "www.chess-mail.com"]
[Date "2016.03.08"]
[Round "1"]
[White "Conde7"]
[Black "Pgcbies"]
[WhiteElo "2840"]
[BlackElo "2660"]
[Result "1/2-1/2"]
[Round "1"]
1.e4 e5
2.Ng1f3 Nb8c6
3.Bf1b5 a6
4.Bb5a4 Ng8f6
5.O-O b5
6.Ba4b3 Bf8e7
7.d4 d6
8.dxe5 Nc6xe5
9.Nf3xe5 dxe5
10.Qd1xd8 Be7xd8
11.a4 Bc8b7
12.axb5 axb5
13.Ra1xa8 Bb7xa8
14.Nb1c3 Ba8c6
15.f3 b4
16.Nc3b1 Nf6d7
17.Bc1e3 Bd8e7
18.Nb1d2 Nd7c5
19.Rf1a1 f6
20.Kf2 Kd7
21.Bb3c4 Rh8a8
22.Ra1xa8 Bc6xa8
23.Nd2b3 Nc5xb3
{ draw }
1/2-1/2

[Event "1/64 Finale"]
[Site "www.chess-mail.com"]
[Date "2016.03.08"]
[Round "1"]
[White "Paaliaq"]
[Black "Uji40"]
[WhiteElo "1849"]
[BlackElo "1950"]
[Result "1-0"]
[Round "1"]
1.e4 e5
2.f4 exf4
3.Ng1f3 d5
4.exd5 Ng8f6
5.Bf1c4 Nf6xd5
6.O-O Bc8e6
7.Bc4b3 Bf8c5
8.d4 Bc5b6
9.c4 Nd5b4
10.c5 Bb6a5
11.Bb3xe6 fxe6
12.a3 Nb4d5
13.b4 c6
14.bxa5 a6
15.Rf1e1 Qd8e7
16.Qd1e2 O-O
17.Qe2xe6 Qe7xe6
18.Re1xe6 Nb8d7
19.Nb1d2 Rf8f6
20.Re6e1 Nd5e3
21.Nd2e4 Ne3c2
22.Ne4xf6 Nd7xf6
23.Bc1xf4 Nc2xa1
24.Re1xa1 Nf6d5
25.Bf4d6 Ra8e8
26.Ra1b1 Re8e4
27.Rb1xb7 Re4e3
28.Nf3e5 Re3xa3
29.Rb7b8 
1-0

[Event "Eq:La Taverne-Slap Shot Mates : "]
[Site "www.chess-mail.com"]
[Date "2016.03.08"]
[Round "1"]
[White "Guidom"]
[Black "Asoka"]
[WhiteElo "2100"]
[BlackElo "2750"]
[Result "0-1"]
[Round "1"]
1.e4 c5
2.Ng1f3 Nb8c6
3.c4 Ng8f6
4.d3 e6
5.Nb1c3 d5
6.exd5 exd5
7.Bf1e2 d4
8.Nc3b1 Bf8d6
9.O-O O-O
10.Bc1g5 h6
11.Bg5h4 Bc8f5
12.Nb1d2 Rf8e8
13.Rf1e1 g5
14.Bh4g3 Bd6xg3
15.hxg3 Qd8b6
16.b3 Re8e7
17.Be2f1 Ra8e8
18.Re1xe7 Re8xe7
19.a3 a5
20.Ra1b1 Qb6d8
21.Rb1b2 Qd8e8
22.Nd2b1 g4
23.Nf3h4 Re7e1
24.Qd1d2 Bf5h7
25.Kh2 Re1xf1
{ resign }
0-1

[Event "Tourn. n8674"]
[Site "www.chess-mail.com"]
[Date "2016.03.09"]
[Round "1"]
[White "Tonino1"]
[Black "Bojan"]
[WhiteElo "2250"]
[BlackElo "2070"]
[Result "1-0"]
[Round "1"]
1.d4 g6
2.Ng1f3 Bf8g7
3.e3 d5
4.Bf1d3 Nb8d7
5.b3 e5
6.dxe5 Nd7xe5
7.Nf3xe5 Bg7xe5
8.c3 c5
9.Bc1b2 Bc8d7
10.O-O Ng8e7
11.Nb1d2 h5
12.f4 Be5f6
13.e4 Bd7g4
14.Nd2f3 Qd8b6
15.Bd3c2 dxe4
16.Bc2xe4 Ra8d8
17.Qd1c2 Ne7f5
18.Rf1e1 O-O
19.c4 Bf6xb2
20.Qc2xb2 Rd8d6
21.Be4d5 Rd6d7
22.Nf3e5 Nf5e7
23.Ne5xd7 { resign }
1-0

[Event "Tourn. n8652"]
[Site "www.chess-mail.com"]
[Date "2016.03.09"]
[Round "1"]
[White "Gatrooper"]
[Black "Daquata"]
[WhiteElo "1670"]
[BlackElo "1630"]
[Result "0-1"]
[Round "1"]
1.e4 e5
2.d3 Ng8f6
3.h3 d5
4.exd5 Nf6xd5
5.a3 Nb8c6
6.Ng1f3 Bf8e7
7.Nb1c3 Nd5xc3
8.bxc3 O-O
9.Bc1b2 Bc8f5
10.c4 Be7f6
11.Bf1e2 e4
12.dxe4 Bf5xe4
13.Bb2xf6 Qd8xf6
14.Be2d3 Be4xf3
15.gxf3 Rf8e8
16.Bd3e2 Qf6xf3
17.Qd1d2 Qf3xh1
{ resign }
0-1

[Event "Tourn. n8674"]
[Site "www.chess-mail.com"]
[Date "2016.03.09"]
[Round "1"]
[White "Terrible"]
[Black "Tonino1"]
[WhiteElo "2290"]
[BlackElo "2250"]
[Result "1-0"]
[Round "1"]
1.Ng1f3 Ng8f6
2.d4 g6
3.g3 Bf8g7
4.Bf1g2 O-O
5.O-O d6
6.c4 c6
7.Nb1c3 Qd8c7
8.e4 e5
9.h3 Nb8d7
10.Bc1e3 a5
11.dxe5 dxe5
12.Qd1e2 b6
13.Rf1d1 Nd7c5
14.Be3xc5 bxc5
15.Nc3a4 Qc7a7
16.Nf3xe5 Bc8b7
17.Ne5d7 Nf6xd7
18.Rd1xd7 Ra8d8
19.Ra1d1 Rd8xd7
20.Rd1xd7 Bg7d4
21.e5 Qa7b8
22.Rd7d6 Rf8e8
23.Qe2d2 Re8xe5
24.Rd6f6 Qb8e8
25.Rf6f3 Re5e2
26.Qd2f4 Bb7c8
27.Bg2f1 Re2e1
28.Kg2 Bc8xh3
29.Kxh3 Re1xf1
30.Kg2 Rf1e1
31.b3 f6
32.Na4c3 Qe8e5
33.Qf4d2 Bd4xc3
34.Rf3xc3 Qe5e4
35.Rc3f3 Qe4e2
36.Qd2d8 Kg7
37.Qd8xf6 Kh6
38.Qf6f8 Kh5
39.g4 { resign }
1-0

[Event "Tourn. n8605"]
[Site "www.chess-mail.com"]
[Date "2016.03.09"]
[Round "1"]
[White "Bojan"]
[Black "Osopanda"]
[WhiteElo "2050"]
[BlackElo "1980"]
[Result "1-0"]
[Round "1"]
1.d4 d5
2.Qd1d3 Ng8f6
3.h3 Nb8d7
4.Bc1f4 e6
5.a3 Bf8d6
6.Bf4xd6 cxd6
7.e3 O-O
8.Nb1c3 e5
9.Qd3f5 Nd7c5
10.Qf5g5 exd4
11.exd4 Nc5e4
12.Qg5h4 Ne4xc3
13.bxc3 Nf6e4
14.Qh4xd8 Rf8xd8
15.c4 Bc8e6
16.cxd5 Be6xd5
17.c4 Bd5e6
18.Bf1d3 d5
19.cxd5 Be6xd5
20.Ng1e2 Ra8c8
21.f3 Ne4c3
22.Ne2f4 Bd5c6
23.Kd2 Bc6b5
24.Bd3f5 Rd8xd4
25.Ke3 Rc8d8
26.Rh1c1 Nc3d1
27.Rc1xd1 Rd4xd1
28.Ra1a2 g6
29.Bf5e4 Rd8e8
30.Kf2 f5
31.Be4d5 Kg7
32.h4 Kf6
33.Bd5xb7 g5
34.Nf4d5 Kg6
35.hxg5 Kxg5
36.f4 Kh4
37.g3 Kh3
38.Nd5e3 Re8xe3
39.Kxe3 Rd1e1
40.Kf2 Re1f1
41.Ke3 Kxg3
42.Ra2g2 Kh3
43.Rg2g5 Rf1e1
44.Kf2 Re1e2
45.Kf3 Kh4
46.Rg5xf5 Re2e7
47.Rf5xb5 h5
48.Rb5b1 { resign }
1-0

[Event "Tourn. n8635"]
[Site "www.chess-mail.com"]
[Date "2016.03.09"]
[Round "1"]
[White "Cal"]
[Black "Gatrooper"]
[WhiteElo "1640"]
[BlackElo "1700"]
[Result "1-0"]
[Round "1"]
1.c4 c5
2.Ng1f3 Nb8c6
3.Nb1c3 Ng8f6
4.e3 a6
5.d3 e5
6.h3 h6
7.a3 d6
8.Bf1e2 Bf8e7
9.b3 Bc8d7
10.O-O Bd7f5
11.e4 Bf5d7
12.Bc1e3 Qd8c7
13.Nc3d5 Nf6xd5
14.cxd5 Nc6a7
15.Nf3h2 Na7b5
16.Qd1c2 O-O-O
17.Qc2c4 b6
18.a4 Nb5a7
19.Qc4xa6 Qc7b7
20.Qa6c4 Be7f6
21.f4 Kc7
22.f5 Rd8b8
23.Rf1b1 Bf6g5
24.Be3xg5 hxg5
25.Be2g4 f6
26.b4 Kd8
27.bxc5 dxc5
28.d6 Na7c6
29.Nh2f3 Nc6a5
30.Qc4f7 Bd7c6
31.Qf7e6 Qb7d7
32.Qe6xd7 Bc6xd7
33.Ra1a3 c4
34.Nf3e1 cxd3
35.Ne1xd3 Na5c4
36.Ra3c3 Nc4e3
37.Bg4f3 Bd7xa4
38.Nd3b4 Ne3c2
39.Nb4xc2 Ba4xc2
40.Rc3xc2 Rb8b7
41.Rb1b5 Rh8f8
42.Rc2c6 Kd7
43.Rc6xb6 Rb7xb6
44.Rb5xb6 Rf8c8
45.g3 Rc8c1
46.Kf2 Rc1c2
47.Ke3 Rc2c3
48.Kf2 Rc3c2
49.Bf3e2 Rc2c4
50.Be2xc4 Kc8
51.Bc4e6 Kd8
52.Rb6b8 { resign }
1-0

[Event "Tourn. n8649"]
[Site "www.chess-mail.com"]
[Date "2016.03.09"]
[Round "1"]
[White "Bojan"]
[Black "Tonino1"]
[WhiteElo "2020"]
[BlackElo "2200"]
[Result "0-1"]
[Round "1"]
1.c4 Ng8f6
2.d4 g6
3.Nb1c3 Bf8g7
4.Qd1d3 O-O
5.e4 d6
6.Bc1e3 e5
7.f4 Nf6g4
8.d5 Ng4xe3
9.Qd3xe3 Qd8h4
10.g3 exf4
11.Qe3xf4 Qh4xf4
12.gxf4 Bg7xc3
13.bxc3 Rf8e8
14.Bf1d3 f5
15.Ke2 fxe4
16.Bd3c2 Bc8g4
17.Ke3 Bg4f5
18.Ng1e2 Nb8d7
19.Bc2a4 Re8e7
20.Ra1b1 Nd7c5
21.Ba4c2 b6
22.Ne2d4 Bf5d7
23.Rh1g1 Ra8f8
24.h4 Kh8
25.Rg1g5 Rf8f6
26.Rb1g1 Re7f7
27.h5 Bd7f5
28.Nd4xf5 Rf6xf5
29.hxg6 hxg6
30.Rg5xg6 Rf5h5
31.Rg6g4 Rh5h3
32.Kd4 Rh3f3
33.Rg1h1 Rf7h7
34.Rh1xh7 Kxh7
35.Bc2xe4 Nc5xe4
36.Kxe4 Rf3xc3
37.Kd4 Rc3f3
38.Ke4 Rf3c3
39.Kd4 Rc3a3
40.Rg4g2 Ra3a4
41.f5 Ra4a3
42.Rg2f2 Kg7
43.Ke4 Ra3g3
44.Rf2f3 Rg3xf3
45.Kxf3 Kf6
46.Kf4 a6
47.a3 b5
48.cxb5 axb5
{ resign }
0-1

[Event "Tourn. n8603"]
[Site "www.chess-mail.com"]
[Date "2016.03.09"]
[Round "1"]
[White "Guidom"]
[Black "Julian"]
[WhiteElo "2090"]
[BlackElo "2030"]
[Result "1-0"]
[Round "1"]
1.e4 c5
2.Ng1f3 d6
3.c4 Nb8c6
4.Nb1c3 e6
5.d3 Ng8e7
6.Bf1e2 g6
7.O-O Bf8g7
8.Bc1e3 O-O
9.a3 f5
10.exf5 Ne7xf5
11.Be3d2 Nc6d4
12.Nf3xd4 cxd4
13.Nc3e4 d5
14.Ne4g3 e5
15.cxd5 Qd8xd5
16.Be2f3 Qd5f7
17.Ng3xf5 Bc8xf5
18.Bd2b4 Rf8e8
19.Rf1e1 a5
20.Bb4c5 Ra8c8
21.b4 axb4
22.Bc5xb4 e4
23.dxe4 Bf5e6
24.Ra1c1 Be6b3
25.Qd1d2 b5
26.h3 Bg7e5
27.Qd2d3 Bb3c4
28.Qd3d1 Re8d8
29.Bf3g4 Rc8c6
30.g3 Rc6f6
31.a4 bxa4
32.f4 Be5b8
33.Qd1xa4 Bc4e6
34.Bb4d2 Be6xg4
35.hxg4 d3
36.g5 Bb8a7
37.Kh2 Rf6e6
38.Qa4a5 Rd8e8
39.Rc1c7 Re6e7
40.Rc7xe7 Re8xe7
41.Qa5d8 Re7e8
42.Qd8xd3 Qf7c7
43.Bd2c3 Qc7c5
44.e5 Qc5f2
45.Kh3 Ba7b8
46.Qd3d5 Kf8
47.Bc3b4 Kg7
48.Qd5d7 { resign }
1-0

[Event "Match"]
[Site "www.echecsemail.com"]
[Date "2016.03.09"]
[Round "1"]
[White "Cheminet"]
[Black "Fangshuo"]
[WhiteElo "1850"]
[BlackElo "2130"]
[Result "0-1"]
[Round "1"]
1.d3 d5
2.g3 Ng8f6
3.Bf1g2 Nb8c6
4.Nb1c3 Bc8g4
5.Ng1h3 e5
6.f3 Bg4e6
7.O-O Bf8c5
8.Kh1 Qd8d7
9.Nh3f2 O-O-O
10.Nc3a4 Bc5d6
11.c3 h5
12.c4 h4
13.g4 dxc4
14.dxc4 Be6xc4
15.Bg2h3 Bc4e6
16.e4 Nc6d4
17.Bc1g5 Be6c4
18.Bg5xf6 Bc4xf1
19.Qd1xf1 gxf6
20.Na4c3 Kb8
21.Nc3d5 Nd4xf3
22.g5 Qd7a4
{ resign }
0-1

[Event "Match"]
[Site "www.echecsemail.com"]
[Date "2016.03.09"]
[Round "1"]
[White "Ztornad"]
[Black "Susov"]
[WhiteElo "1760"]
[BlackElo "1880"]
[Result "0-1"]
[Round "1"]
1.e4 e5
2.Bf1c4 Ng8f6
3.g4 Bf8c5
4.d4 Bc5xd4
5.c3 Bd4b6
6.Qd1e2 d6
7.h3 Qd8e7
8.Bc1e3 Bb6xe3
9.Qe2xe3 Bc8e6
10.Bc4b5 c6
11.Bb5a4 b5
12.Ba4c2 Nb8d7
13.Nb1d2 a5
14.Bc2b3 a4
15.Bb3xe6 Qe7xe6
16.Ng1f3 h6
17.g5 Nf6h7
18.Nd2b1 Nd7c5
19.gxh6 Qe6xh6
20.Qe3xh6 gxh6
21.O-O Nc5xe4
22.Nb1d2 Ne4xd2
23.Nf3xd2 Rh8g8
24.Kh2 Nh7g5
25.Rf1g1 O-O-O
26.b4 d5
27.h4 Ng5e6
28.Rg1g3 Rg8xg3
29.fxg3 Rd8f8
30.Nd2f3 f6
31.a3 d4
32.cxd4 exd4
33.Ra1c1 Kc7
34.h5 Rf8d8
35.Rc1e1 Ne6g5
36.Nf3d2 Kd6
37.Nd2e4 Kc7
38.Ne4xf6 Ng5f3
39.Kh3 Nf3xe1
40.Nf6g4 Rd8d6
41.Kh2 d3
42.Ng4e3 d2
43.Ne3d1 Ne1f3
44.Kg2 Rd6d5
45.Kxf3 Rd5xh5
46.Ke2 Rh5h2
47.Kf3 Kd6
48.g4 Ke5
49.Kg3 Rh2h1
50.Nd1f2 Rh1a1
51.Kf3 d1Q
52.Nf2xd1 Ra1xd1
53.Kg3 Rd1d3
54.Kh4 Kf6
55.g5 hxg5
56.Kg4 Rd3xa3
57.Kh5 Ra3h3
58.Kg4 Rh3h4
59.Kg3 a3
60.Kf3 a2
61.Kg3 a1Q
62.Kf3 Qa1c3
63.Kg2 Rh4xb4
 { time }
0-1

[Event "Match"]
[Site "www.echecsemail.com"]
[Date "2016.03.09"]
[Round "1"]
[White "Motimiller"]
[Black "Billyg"]
[WhiteElo "1499"]
[BlackElo "1670"]
[Result "1-0"]
[Round "1"]
1.e4 e5
2.Qd1h5 d6
3.Bf1c4 g6
4.Qh5f3 f5
5.g4 Qd8e7
6.gxf5 g5
7.Nb1c3 Ng8f6
8.Ng1h3 g4
9.Qf3g3 c6
10.O-O h5
11.Nh3g5 h4
12.Qg3e3 Bf8h6
13.Bc4f7 Kf8
14.Bf7g6 Rh8g8
15.Ng5h7 Nf6xh7
16.Qe3xh6 Rg8g7
17.Bg6xh7 Qe7f7
18.Bh7g6 Qf7g8
19.f6 Nb8d7
20.fxg7 Qg8xg7
21.Qh6h5 Nd7f6
22.Qh5g5 Nf6h7
23.Qg5d8 { resign }
1-0

[Event "Match"]
[Site "www.echecsemail.com"]
[Date "2016.03.09"]
[Round "1"]
[White "Eman85"]
[Black "Micheles"]
[WhiteElo "2340"]
[BlackElo "2520"]
[Result "0-1"]
[Round "1"]
1.e4 c6
2.d4 d5
3.Nb1c3 dxe4
4.Nc3xe4 Bc8f5
5.Bf1d3 Qd8xd4
6.Ng1f3 Qd4d8
7.O-O Bf5xe4
8.Bd3xe4 Qd8xd1
9.Rf1xd1 Ng8f6
10.Be4d3 e6
11.Bc1f4 Bf8e7
12.c4 Nb8d7
13.a3 O-O
14.Ra1c1 h6
15.h3 Nd7b6
16.Rc1a1 Nb6a4
17.Bf4e5 Rf8d8
18.Ra1b1 Ra8c8
19.Bd3c2 Na4b6
20.Bc2d3 Nf6d7
21.Be5f4 Nd7c5
22.Bd3f1 Nb6a4
23.Rd1xd8 Rc8xd8
24.Bf4e3 a6
25.b4 Nc5e4
26.c5 Be7f6
27.Rb1e1 Bf6c3
28.Re1c1 Bc3b2
29.Rc1c4 Na4c3
30.Be3d4 f6
31.Nf3e1 Nc3e2
32.Bf1xe2 Bb2xd4
33.Ne1d3 Ne4c3
34.Be2h5 g5
35.Nd3c1 Bd4e5
36.Nc1b3 Rd8d7
37.g3 f5
38.Kg2 Kf8
39.Kf1 Ke7
40.Bh5e2 Be5g7
41.g4 Bg7f6
42.f4 Nc3d5
43.fxg5 hxg5
44.Kf2 Nd5c3
45.Ke3 Bf6e5
46.Kf2 Kf6
47.gxf5 exf5
48.Be2f3 Nc3b5
49.a4 Rd7d3
50.axb5 axb5
51.Rc4c2 Rd3xb3
52.Rc2d2 Rb3xb4
53.Rd2d7 g4
54.hxg4 fxg4
55.Bf3d1 g3
56.Kf1 Rb4d4
57.Rd7xd4 Be5xd4
{ resign }
0-1

[Event "Match"]
[Site "www.echecsemail.com"]
[Date "2016.03.09"]
[Round "1"]
[White "Susov"]
[Black "Starcommand"]
[WhiteElo "1840"]
[BlackElo "1499"]
[Result "1-0"]
[Round "1"]
1.e4 c5
2.Ng1f3 d6
3.d4 cxd4
4.Qd1xd4 Nb8c6
5.Bf1b5 Bc8d7
6.Bb5xc6 Bd7xc6
7.Nb1c3 g6
8.Qd4xh8 Ng8f6
9.Bc1g5  { time }
1-0

[Event "Tourn. n8551"]
[Site "www.chess-mail.com"]
[Date "2016.03.10"]
[Round "1"]
[White "Gearoid"]
[Black "Tartan"]
[WhiteElo "2370"]
[BlackElo "2400"]
[Result "1/2-1/2"]
[Round "1"]
1.e4 c5
2.Nb1c3 Nb8c6
3.Ng1f3 g6
4.d4 cxd4
5.Nf3xd4 Bf8g7
6.Bc1e3 Ng8f6
7.Bf1c4 Qd8a5
8.O-O O-O
9.Bc4b3 d6
10.h3 Bc8d7
11.Qd1e1 Nf6xe4
12.Nd4xc6 Bd7xc6
13.Nc3d5 Qa5d8
14.Be3f4 e6
15.Qe1xe4 Rf8e8
16.Qe4f3 Bg7xb2
17.Ra1b1 Bb2g7
18.Qf3d3 exd5
19.Bb3xd5 Qd8f6
20.g3 Bc6xd5
21.Qd3xd5 b6
22.Rb1e1 Ra8c8
23.Qd5b7 g5
24.Re1xe8 Rc8xe8
25.Bf4e3 Qf6e7
26.Qb7xe7 { draw }
1/2-1/2

[Event "Tourn. n8584"]
[Site "www.chess-mail.com"]
[Date "2016.03.10"]
[Round "1"]
[White "Orhany24"]
[Black "Tonino1"]
[WhiteElo "2050"]
[BlackElo "2130"]
[Result "1-0"]
[Round "1"]
1.e4 c5
2.Ng1f3 d6
3.d4 cxd4
4.Nf3xd4 Ng8f6
5.Bf1d3 Nb8c6
6.Nd4xc6 bxc6
7.c4 g6
8.Nb1c3 Bf8g7
9.O-O O-O
10.h3 Ra8b8
11.Qd1c2 Bc8a6
12.Bc1e3 Qd8c7
13.Ra1c1 Rf8c8
14.b3 e6
15.f4 Nf6d7
16.Kh1 Nd7c5
17.Bd3e2 Nc5d7
18.Be2f3 d5
19.exd5 cxd5
20.Nc3a4 d4
21.Be3f2 Qc7xf4
22.Bf2g1 Qf4g5
23.Rc1d1 e5
24.Bf3d5 Nd7b6
25.Na4xb6 Rb8xb6
26.Rf1xf7 Kh8
27.Rd1f1 Qg5d8
28.Qc2d2 Rc8c7
29.Rf7xc7 Qd8xc7
30.Rf1f7 Qc7b8
31.Qd2g5 h6
32.Qg5e7 Qb8g8
33.Bg1h2 Rb6b8
34.Qe7xa7 Rb8a8
35.Bd5xa8 d3
36.Rf7xg7  { time }
1-0

[Event "Tourn. n8586"]
[Site "www.chess-mail.com"]
[Date "2016.03.10"]
[Round "1"]
[White "Seger"]
[Black "Yangqi"]
[WhiteElo "2790"]
[BlackElo "2630"]
[Result "1-0"]
[Round "1"]
1.e4 c6
2.d4 d5
3.Nb1c3 dxe4
4.Nc3xe4 Bc8f5
5.Ne4g3 Bf5g6
6.Ng1f3 Nb8d7
7.Bf1d3 e6
8.Bd3xg6 hxg6
9.O-O Ng8f6
10.Bc1g5 Qd8c7
11.c4 Bf8d6
12.Rf1e1 O-O-O
13.Qd1e2 Rd8e8
14.Ra1d1 Kb8
15.Ng3f1 Bd6f4
16.Bg5xf4 Qc7xf4
17.b4 g5
18.Nf3e5 Re8e7
19.a4 g4
20.a5 a6
21.Qe2d3 Ka8
22.Qd3e3 g5
23.Qe3a3 Nf6e4
24.Ne5d3 Qf4f5
25.b5 Re7e8
26.bxa6 bxa6
27.Rd1b1 Re8b8
28.Rb1xb8 Rh8xb8
29.Nf1e3 Qf5f6
30.Ne3c2 Qf6f5
31.Nc2b4 Qf5h7
32.Qa3a4 Rb8c8
33.Nb4xa6 Ka7
34.d5 Ne4d2
35.Qa4a3 f6
36.dxc6 Rc8h8
37.h3 Nd2f3
38.Kh1 Nf3xe1
39.Qa3b4 Rh8b8
40.Na6xb8 Nd7xb8
41.Qb4b6 { resign }
1-0

[Event "Tourn. n8621"]
[Site "www.chess-mail.com"]
[Date "2016.03.10"]
[Round "1"]
[White "Tartan"]
[Black "Darko10"]
[WhiteElo "2400"]
[BlackElo "2510"]
[Result "0-1"]
[Round "1"]
1.e4 d6
2.d4 Ng8f6
3.Nb1c3 g6
4.f4 Bf8g7
5.Ng1f3 O-O
6.Bf1d3 Nb8c6
7.e5 dxe5
8.fxe5 Nf6d7
9.O-O Nd7b6
10.Bc1e3 Bc8g4
11.Bd3e2 f6
12.exf6 exf6
13.d5 Bg4xf3
14.Be2xf3 Nc6e5
15.Be3c5 Rf8e8
16.Bf3e2 f5
17.Be2b5 c6
18.dxc6 bxc6
19.Bb5a6 Qd8c7
20.Rf1e1 Ra8d8
{ resign }
0-1

[Event "Tourn. n8581"]
[Site "www.chess-mail.com"]
[Date "2016.03.10"]
[Round "1"]
[White "Ff333"]
[Black "Avg"]
[WhiteElo "1980"]
[BlackElo "1969"]
[Result "1-0"]
[Round "1"]
1.e4 d5
2.d3 dxe4
3.dxe4 Qd8xd1
4.Kxd1 Nb8c6
5.a3 e5
6.Bc1e3 Ng8f6
7.Bf1d3 Bf8d6
8.h3 Bc8e6
9.Ke2 Nc6d4
10.Kd2 O-O
11.Ng1e2 c5
12.f3 c4
13.Ne2xd4 cxd3
14.Nd4xe6 fxe6
15.Kxd3 Nf6d7
16.Rh1d1 Nd7c5
17.Ke2 Rf8d8
18.Nb1c3 a6
19.Rd1d2 b5
20.Ra1d1 Nc5b7
21.Be3b6 Rd8d7
22.Nc3a2 a5
23.c3 Ra8a6
24.Bb6e3 Rd7c7
25.Be3g5 h6
26.Bg5d8 Rc7d7
27.Bd8h4 g5
28.Bh4g3 Kf7
29.Bg3xe5 Kg6
30.f4 gxf4
31.Be5xf4 e5
32.Bf4xe5 { resign }
1-0

[Event "Tourn. n8662"]
[Site "www.chess-mail.com"]
[Date "2016.03.10"]
[Round "1"]
[White "Passaroa25"]
[Black "Hansen"]
[WhiteElo "1590"]
[BlackElo "1620"]
[Result "0-1"]
[Round "1"]
1.e4 d5
2.f3 e6
3.Ng1e2 Bf8c5
4.Ne2g3 h5
5.Qd1e2 a6
6.d3 Nb8c6
7.Bc1e3 d4
8.Be3f2 Ng8f6
9.Nb1d2 h4
10.Ng3f5 exf5
11.exf5 Kf8
12.g4 Nf6d5
13.O-O-O b5
14.Bf1h3 Nd5f4
15.Qe2f1 Nc6e5
16.a3 b4
17.Nd2b3 Qd8d5
18.a4 Bc5b6
19.a5 Bb6xa5
20.Nb3xa5 Qd5xa5
21.Bf2xd4 Ne5c6
22.Bd4e3 Nf4d5
23.Be3d2 Qa5a1

0-1

[Event "Tourn. n8507"]
[Site "www.chess-mail.com"]
[Date "2016.03.10"]
[Round "1"]
[White "Ericleo1980"]
[Black "Seger"]
[WhiteElo "2290"]
[BlackElo "2740"]
[Result "0-1"]
[Round "1"]
1.e4 c5
2.Ng1f3 Nb8c6
3.d4 cxd4
4.Nf3xd4 Ng8f6
5.Nb1c3 d6
6.Bc1e3 e5
7.Nd4f3 Bf8e7
8.Bf1c4 Bc8e6
9.Bc4b3 O-O
10.h3 Nc6a5
11.O-O h6
12.Qd1d3 Ra8c8
13.Rf1d1 a6
14.Qd3e2 Qd8e8
15.Nf3d2 Qe8c6
16.f3 Na5xb3
17.axb3 d5
18.exd5 Nf6xd5
19.Nc3xd5 Be6xd5
20.c4 Bd5e6
21.Ra1a5 Rf8d8
22.Ra5xe5 Qc6d6
23.Re5a5 Qd6d3
24.Qe2xd3 Rd8xd3
25.Kf2 Rc8d8
26.Ra5a1 Be6f5
27.Ke2 Rd8e8
28.Nd2e4 Rd3xb3
29.Ra1b1 Bf5g6
30.Rd1d3 Rb3xd3
31.Kxd3 f5
32.Ne4c5 Be7xc5
33.Be3xc5 f4
{ resign }
0-1

[Event "Tourn. n8643"]
[Site "www.chess-mail.com"]
[Date "2016.03.10"]
[Round "1"]
[White "Prize64"]
[Black "Woody"]
[WhiteElo "2079"]
[BlackElo "1810"]
[Result "0-1"]
[Round "1"]
1.e4 c5
2.Ng1f3 d6
3.d4 cxd4
4.Nf3xd4 Ng8f6
5.Nb1c3 a6
6.f4 e5
7.Nd4f3 Nb8d7
8.a4 Bf8e7
9.Bf1c4 Qd8a5
10.Bc4b3 Nd7c5
11.Bc1d2 O-O
12.Nc3d5 Qa5d8
13.Nd5xf6 Be7xf6
14.fxe5 Bf6xe5
15.Nf3xe5 dxe5
16.Bb3d5 Bc8e6
17.Bd2b4 Ra8c8
18.a5 Qd8h4
19.g3 Qh4f6
20.Rh1f1 Qf6g6
21.Bd5xe6 Qg6xe4
22.Kf2 fxe6
{ resign }
0-1

[Event "Tourn. n8590"]
[Site "www.chess-mail.com"]
[Date "2016.03.10"]
[Round "1"]
[White "Bojan"]
[Black "Genius9"]
[WhiteElo "2030"]
[BlackElo "1810"]
[Result "1/2-1/2"]
[Round "1"]
1.d4 d5
2.Qd1d3 Ng8f6
3.c4 dxc4
4.Qd3xc4 c6
5.Nb1c3 g6
6.e4 Bf8g7
7.Bf1e2 O-O
8.e5 Nf6d5
9.Bc1d2 Bc8e6
10.Be2f3 Nd5xc3
11.Qc4xc3 Nb8d7
12.Ng1e2 Nd7b6
13.b3 Be6d5
14.Bf3xd5 Nb6xd5
15.Qc3d3 e6
16.O-O Rf8e8
17.g3 Nd5b6
18.Bd2a5 Bg7xe5
19.Rf1d1 Be5g7
20.Ne2f4 Qd8d7
21.Qd3e3 Nb6d5
22.Qe3f3 Nd5xf4
23.Qf3xf4 Ra8c8
24.Ra1c1 Qd7d5
25.Ba5b4 Qd5f5
26.Qf4e3 h5
27.Rc1c5 Qf5f6
28.Bb4c3 Qf6e7
29.Bc3b4 Qe7f6
30.Bb4c3 Qf6e7
31.Rc5a5 a6
32.b4 Re8d8
33.Ra5a3 Rd8d7
34.Ra3b3 Rc8d8
35.a4 Rd7d5
{ draw }
1/2-1/2

[Event "Tourn. n8641"]
[Site "www.chess-mail.com"]
[Date "2016.03.10"]
[Round "1"]
[White "Afrikanu007"]
[Black "Daquata"]
[WhiteElo "1499"]
[BlackElo "1630"]
[Result "1-0"]
[Round "1"]
1.d4 Ng8f6
2.g3 d5
3.Bf1g2 Nb8c6
4.Nb1c3 Bc8f5
5.a3 e6
6.Ng1h3 Bf8e7
7.O-O O-O
8.Rf1e1 Rf8e8
9.Bc1f4 Be7d6
10.Qd1d2 h6
11.Ra1c1 Ra8c8
12.e4 dxe4
13.d5 exd5
14.Nc3xd5 Nf6xd5
15.Qd2xd5 Bd6xf4
16.Nh3xf4 Qd8e7
17.Qd5xf5 Nc6d4
18.Qf5xe4 { resign }
1-0

[Event "Match"]
[Site "www.echecsemail.com"]
[Date "2016.03.10"]
[Round "1"]
[White "Bojan"]
[Black "Mitja"]
[WhiteElo "2050"]
[BlackElo "1920"]
[Result "1-0"]
[Round "1"]
1.c4 d5
2.cxd5 Qd8xd5
3.Nb1c3 Qd5d8
4.e4 e6
5.d4 c6
6.a3 Ng8f6
7.e5 Nf6d5
8.Qd1d3 Nd5xc3
9.bxc3 Nb8d7
10.Ng1h3 h6
11.Bf1e2 Nd7b6
12.a4 Bf8e7
13.Qd3g3 Be7f8
14.a5 Nb6d5
15.Bc1d2 f5
16.c4 Nd5c7
17.Be2h5 Kd7
18.Qg3g6 Qd8e7
19.O-O Qe7e8
20.Nh3f4 Qe8xg6
21.Nf4xg6 Rh8g8
22.f4 Ra8b8
23.Rf1b1 Nc7a6
24.Ng6h4 Bf8e7
25.Nh4g6 Rg8d8
26.Ng6xe7 Kxe7
27.Bd2e3 Bc8d7
28.Bh5f3 Na6c7
29.Kf2 a6
30.g4 g6
31.gxf5 gxf5
32.Rb1g1 Rd8g8
33.Rg1g3 Rg8xg3
34.hxg3 b5
35.Bf3e2 Rb8h8
36.Be3d2 Bd7e8
37.Bd2b4 Kd8
38.Bb4d6 Be8d7
39.g4 Nc7e8
40.Bd6c5 Ne8c7
41.gxf5 exf5
42.Bc5b6 Kc8
43.cxb5 Nc7xb5
44.Be2c4 Rh8e8
45.d5 cxd5
46.Bc4xd5 Kb8
47.Ra1h1 Bd7e6
48.Bd5f3 Re8h8
49.Kg3 Be6f7
50.Bf3e2 Bf7d5
51.Rh1c1 Rh8g8
52.Kh4 Bd5f7
53.Rc1c5 Rg8c8
54.Be2d3 Rc8xc5
55.Bb6xc5 Bf7e6
56.Kh5 { resign }
1-0

[Event "Match"]
[Site "www.echecsemail.com"]
[Date "2016.03.10"]
[Round "1"]
[White "Fkarpov"]
[Black "Genius9"]
[WhiteElo "2060"]
[BlackElo "1790"]
[Result "0-1"]
[Round "1"]
1.e4 e6
2.Nb1c3 d5
3.exd5 exd5
4.g3 Ng8f6
5.Bf1g2 c6
6.Ng1f3 Bf8d6
7.O-O O-O
8.d3 Rf8e8
9.Bc1g5 h6
10.Bg5xf6 Qd8xf6
11.Rf1e1 Re8xe1
12.Qd1xe1 Bc8d7
13.d4 Nb8a6
14.a3 Ra8e8
15.Qe1d2 Na6c7
16.Ra1e1 Re8xe1
17.Qd2xe1 Nc7e6
18.Nf3e5 Bd6xe5
19.Qe1xe5 Qf6xe5
20.dxe5 Ne6d4
21.f4 Nd4xc2
22.Nc3d1 Nc2d4
23.Kf2 Nd4e6
24.Nd1e3 g6
25.f5 Ne6c5
26.fxg6 fxg6
27.Ke2 Kf7
28.h3 Ke6
29.b4 Nc5a6
30.Ne3g4 h5
31.Ng4f2 Kxe5
32.Ke3 Bd7f5
33.g4 hxg4
34.hxg4 Bf5c2
35.Bg2f1 Na6c7
36.Kd2 Bc2e4
37.a4 Nc7e6
38.Nf2d3 Be4xd3
39.Bf1xd3 g5
40.a5 b6
41.axb6 axb6
42.Kc3 c5
43.bxc5 bxc5
44.Bd3b5 Ne6d4
45.Bb5a6 Nd4f3
46.Ba6c8 Kf4
{ resign }
0-1